Basic Geography knowledge Quiz - Statistics

General Stats
  • This quiz has been taken 96 times
    79 since last reset
  • The average score is 15 of 15
Answer Stats
Hint Answer % Correct
What is the largest country? Russia
100%
How many continents are there? 7
99%
In which continent is Sudan? Africa
99%
Country with the most Kangaroos Australia
99%
What country flag is Red with a Maple leaf in its center? Canada
99%
In what country are the Giza pyramids? Egypt
99%
In which continent is France? Europe
99%
Tokyo is its capital Japan
99%
In what continent is the USA? North America
99%
How many stars are in the USA flag? 50
97%
In which continent is China? Asia
97%
Madrid is its capital Spain
97%
What is the only country that Canada borders? United States
97%
what country has the highest population? India
94%
What country is known for being shaped like a boot? Italy
94%
No matching quizzes found
Score Distribution
Percent of People with Each Score
Percentile by Number Answered
Your Score History
You have not taken this quiz since the last reset